Disaster ministry handbook / (Record no. 5925)

MARC details
000 -LEADER
fixed length control field 02091cam a2200289 i 4500
001 - CONTROL NUMBER
control field 890068290
003 - CONTROL NUMBER IDENTIFIER
control field OCoLC
005 - DATE AND TIME OF LATEST TRANSACTION
control field 20190111101737.0
008 - FIXED-LENGTH DATA ELEMENTS--GENERAL INFORMATION
fixed length control field 150316s2016 ilu b 000 0 eng
010 ## - LIBRARY OF CONGRESS CONTROL NUMBER
LC control number 2015010652
020 ## - INTERNATIONAL STANDARD BOOK NUMBER
International Standard Book Number 9780830841226 (pbk. : alk. paper)
020 ## - INTERNATIONAL STANDARD BOOK NUMBER
International Standard Book Number 0830841229 (pbk. : alk. paper)
035 ## - SYSTEM CONTROL NUMBER
System control number (OCoLC)890068290
Canceled/invalid control number (OCoLC)945563660
040 ## - CATALOGING SOURCE
Original cataloging agency DLC
Language of cataloging eng
Description conventions rda
Transcribing agency DLC
Modifying agency YDXCP
-- BTCTA
-- OCLCF
-- BCT
-- STU
-- CIRBC
-- WIO
-- BDX
042 ## - AUTHENTICATION CODE
Authentication code pcc
082 ## - DEWEY DECIMAL CLASSIFICATION NUMBER
Classification number 363.34
Item number A864D
092 ## - LOCALLY ASSIGNED DEWEY CALL NUMBER (OCLC)
Classification number 363.34
Item number A864D
100 1# - MAIN ENTRY--PERSONAL NAME
Personal name Aten, Jamie D
245 10 - TITLE STATEMENT
Title Disaster ministry handbook /
Statement of responsibility, etc. Jamie D. Aten and David M. Boan
264 #1 - PRODUCTION, PUBLICATION, DISTRIBUTION, MANUFACTURE, AND COPYRIGHT NOTICE
Place of production, publication, distribution, manufacture Downers Grove :
Name of producer, publisher, distributor, manufacturer InterVarsity Press,
Date of production, publication, distribution, manufacture, or copyright notice c2016
300 ## - PHYSICAL DESCRIPTION
Extent 204 pages ;
Dimensions 26 cm
504 ## - BIBLIOGRAPHY, ETC. NOTE
Bibliography, etc. note Includes bibliographical references
520 ## - SUMMARY, ETC.
Summary, etc. When disasters happen, people turn to local churches as centers for response and assistance. When floods or tornadoes devastate an area, or when shootings and violence shock a community, knowing what to do can be the difference between calm and chaos, courage and fear, life and death. But few churches plan in advance for what they should do -- until the storm hits. Don't get caught unprepared. If a natural disaster or human tragedy strikes your community, your church can minister to the hurting. Jamie Aten and David Boan, codirectors of the Humanitarian Disaster Institute, provide a practical guide for disaster preparedness. Disaster ministry is a critically important work of the church, preparing for the unthinkable, providing relief to survivors, caring for the vulnerable and helping communities recover. Filled with resources for emergency planning and crisis management, this book provides best practices for local congregations. By taking action in advance, your church can help prevent harm and save lives during a disaster. The time to plan is now. Be prepared
650 #0 - SUBJECT ADDED ENTRY--TOPICAL TERM
Topical term or geographic name entry element Church work with disaster victims
776 08 - ADDITIONAL PHYSICAL FORM ENTRY
Relationship information Online version:
Main entry heading Aten, Jamie D.
Title Disaster ministry handbook
Place, publisher, and date of publication Downers Grove : InterVarsity Press, [2015]
International Standard Book Number 9780830897681
Record control number (DLC) 2015012584
942 ## - ADDED ENTRY ELEMENTS (KOHA)
Source of classification or shelving scheme Dewey Decimal Classification
Koha item type Books
Holdings
Withdrawn status Lost status Source of classification or shelving scheme Damaged status Not for loan Collection code Home library Current library Shelving location Date acquired Cost, normal purchase price Total Checkouts Full call number Barcode Date last seen Price effective from Koha item type
    Dewey Decimal Classification     Non-fiction Harvest Mission College Harvest Mission College General Stacks 11.01.2019 840.00   363.34 A864D 006725 11.01.2019 11.01.2019 Books

OPAC Designed and Maintained by HMC Library Team.
Copyright © HMC Library,Greater Noida, UP.
For any Suggestions/Query Contact library via Email:libhmc@gmail.com